| 000 | 01173pam a2200277 a 4500 | ||
|---|---|---|---|
| 001 | 000011427 | ||
| 005 | 20200929162441.0 | ||
| 008 | 820921s1983 cau b 101 0 eng | ||
| 010 | _a82017914 | ||
| 020 |
_a0933014791 : _c$15.00 |
||
| 040 |
_aDO-SdBNP _cDLC _dDLC |
||
| 050 | 0 | 0 |
_aRJ496.S8 _bT73 1983 |
| 060 | _aWM 475 T784 1982 | ||
| 245 | 0 | 0 |
_aTreatment of stuttering in early childhood : _bmethods and issues / _c[edited by] David Prins and Roger J. Ingham. |
| 260 |
_aSan Diego, Calif. : _bCollege-Hill Press, _cc1983. |
||
| 300 |
_aviii, 149 p. ; _c24 cm. |
||
| 500 | _a"The first five chapters are based on papers presented at a regional conference hosted in Seattle by the Department of Speech and Hearing Sciences, University of Washington, March 4-6, 1982." | ||
| 504 | _aIncludes bibliographies and index. | ||
| 650 | 0 |
_aStuttering in children _xCongresses. _927099 |
|
| 650 | 2 |
_aStuttering _xIn infancy and childhood _xCongresses. _927100 |
|
| 650 | 2 |
_aStuttering _xTherapy _xCongresses. _927101 |
|
| 700 | 1 |
_aPrins, David, _d1930- _927102 |
|
| 700 | 1 |
_aIngham, Roger J., _d1945- _927103 |
|
| 910 | _aCatalogación por copia / LC | ||
| 082 | 0 | 0 |
_a618.92/8554 _219 |
| 999 |
_c11130 _d11130 |
||